Top Trading Partners - Micronesia - Statistics

General Stats
  • This quiz has been taken 93 times
  • The average score is 16 of 20
Answer Stats
Hint Answer % Correct
36.2M United States
97%
4.1M Australia
96%
9M Australia
96%
6.53M China
96%
12M China
96%
2.6M New Zealand
94%
9.3M Indonesia
92%
5.89M Japan
92%
5.83M Japan
92%
1M Fiji
88%
689K Fiji
88%
884K South Korea
87%
52.9M South Korea
87%
400K Malaysia
86%
4.7M Papua New Guinea
78%
33.5M Thailand
75%
732K Solomon Islands
66%
477K Vanuatu
65%
675K East Timor
36%
298K Maldives
21%
No matching quizzes found
Score Distribution
Percent of People with Each Score
Percentile by Number Answered
Your Score History
You have not taken this quiz